000 01374nam a2200217Ia 4500
003 Ost
005 20260416102400.0
008 260416s9999||||xx |||||||||||||| ||und||
040 _cfsecg
041 _aara
082 _a301
100 _aبوراضي، لزهر
_eمؤلف
245 0 _aمدخل إلى علم الإجتماع :
_bالسنة أولى جذع مشترك علوم اقتصادية /
_cلزهر بوراضي
260 _aالجزائر
_bجامعة الجزائر3: كلية العلوم الإقتصادية، العلوم التجارية وعلوم التسيير
_c2022
300 _a109 ورقة
_bايضاحات
_c12 سم
504 _aالمراجع ص.109
520 _aالبدايات الأولى لنشأة علم الاجتماع،التعريف بعلم الاجتماع،أهداف وأهمية علم الاجتماع،مجالات علم الاجتماع،بعض المفاهيم في علم الاجتماع،الرواد الأوائل في علم الاجتماع،الاهتمامات الكبرى لعلم الاجتماع،علاقة علم الاجتماع بالعلوم الاجتماعية الأخرى.
653 _aعلم الاجتماع
710 _aجامعة الجزائر3: كلية العلوم الإقتصادية، العلوم التجارية وعلوم التسيير
_eناشر علمي
942 _cHANDOUT
999 _c41381
_d41381